| 000 | 00443nam a2200181Ia 4500 | ||
|---|---|---|---|
| 001 | 22296 | ||
| 005 | 20260414150822.0 | ||
| 008 | 260414t2010||||xx |||||||||||||| ||spa|| | ||
| 041 | _aESP | ||
| 082 |
_a621.312 _bK18 |
||
| 100 |
_aKalam, Akhtar _eAUT |
||
| 245 | 0 |
_aPower system protection and comunications _b |
|
| 260 | _c2010 | ||
| 300 |
_axxxix, 357 páginas : _c25 cm. |
||
| 650 | _aTCA | ||
| 654 | _aCET | ||
| 942 |
_cLIB _dJUS _fJUS _2ddc _n |
||
| 999 |
_c22296 _d22296 |
||